000 003350000a22001450004500
003 MACL
040 _aMACL
090 _c3872
_d3871
100 _aGhosh, S K
245 _aFreedom Of Speech And Assembly And Public Order
260 _bAshish Publishing House
_c1993
350 _a350
650 _aPolitical Science
942 _cBOOK
_k320
999 _c3839
_d3839